Anagrammes de marques de voiture en énigmes - Statistiques

Statistiques générales
  • Ce quiz a été pris 328 fois
  • Le résultat moyen est 10 sur 30
Statistiques - réponses
Hint Réponse % Correct
Contraire de rapide LENT
98%
Le papa du Prince ROI
88%
300 / 3 = CENT
74%
Contraire de court LONG
69%
Pérou en deux lettres PE
65%
Bonhomme de neige de Disney OLAF
63%
Pas fréquent RARE
62%
LENT + RUA RENAULT
43%
GOÛTE + PE PEUGEOT
42%
ROI + CENT CITROEN
40%
Mange, déguste GOÛTE
35%
Se précipita (se) RUA
35%
RARE + RIF FERRARI
32%
MÉDÉE + CRS MERCEDES
31%
IBRAHIM + LONG LAMBORGHINI
24%
Forces de l'ordre CRS
23%
Bagarre, rixe RIF
22%
Composé psychoactif du cannabis THC
19%
Épilant RASANT
17%
Argent AG
15%
Promit, certifia JURA
13%
Parfum, saveur AROME
12%
VÉROLE + THC CHEVROLET
12%
AG + JURA JAGUAR
12%
OLAF + AROME ALFA ROMEO
11%
Tragédie d'Euripide et de Racine MÉDÉE
11%
Un des prophètes islamiques IBRAHIM
9%
MINOT + RASANT ASTON MARTIN
8%
Synonyme de Syphilis VÉROLE
6%
Marmot, gosse MINOT
4%
Aucun quiz correspondant
Distribution des résultats
% des personnes avec chaque résultat
Percentile par nombre de réponses
Votre historique - résultats
Vous n’avez pas pris ce quiz